Curaçao 2026 FIFA World Cup Squad - Statistics

General Stats
  • This quiz has been taken 16 times
  • The average score is 7 of 27
Answer Stats
# Position Player % Correct
Manager Dick Advocaat
54%
FW Tahith Chong
54%
GK Eloy Room
46%
MF Juninho Bacuna
46%
FW Jürgen Locadia
46%
© MF Leandro Bacuna
46%
DF Armando Obispo
38%
MF Livano Comenencia
31%
DF Riechedly Bazoer
31%
FW Brandley Kuwas
23%
DF Sherel Floranus
23%
GK Tyrick Bodak
23%
MF Ar'jany Martha
15%
DF Deveron Fonville
15%
FW Gervane Kastaneer
15%
MF Godfried Roemeratoe
15%
FW Jearl Margaritha
15%
FW Jeremy Antonisse
15%
DF Joshua Brenet
15%
DF Juriën Gaari
15%
FW Kenji Gorré
15%
MF Kevin Felida
15%
DF Roshon van Eijma
15%
DF Shurandy Sambo
15%
FW Sontje Hansen
15%
GK Trevor Doornbusch
15%
MF Tyrese Noslin
15%
No matching quizzes found
Score Distribution
Percent of People with Each Score
Percentile by Number Answered
Your Score History
You have not taken this quiz